<?xml version="1.0" encoding="UTF-8"?>
<collection xmlns="http://www.loc.gov/MARC21/slim">
  <record>
    <leader>00000nam  2200000   4500</leader>
    <controlfield tag="001">INLIS000000000014190</controlfield>
    <controlfield tag="008">###################################ind##</controlfield>
    <datafield tag="035" ind1="#" ind2="#">
      <subfield code="a">0010-0922000952</subfield>
    </datafield>
    <datafield tag="245" ind1="#" ind2="#">
      <subfield code="a">SILIH PIKA ASIH PemILU JABAR (Sistem Informasi Pendidikan Pemilih dan Pemilu KPU Jawa Barat) Mewujudkan Pendidikan Pemilih Terpadu Berkelanjutan (SD SMP SMA) Menuju Partisipasi Aktif Bagi Pemilu Dan Pemilihan Berkualitas Di Jawa Bara (Komsi Pemilihan Umum Provinsi Jawa Barat) (TERBAIK 3) /</subfield>
      <subfield code="c">Teppy Wawan Dharmawan</subfield>
    </datafield>
    <datafield tag="100" ind1="#" ind2="#">
      <subfield code="a">Dharmawan, Teppy Wawan</subfield>
    </datafield>
    <datafield tag="260" ind1="#" ind2="#">
      <subfield code="a">Sumedang :</subfield>
      <subfield code="b">Puslatbang PKASN LAN,</subfield>
      <subfield code="c">2021</subfield>
    </datafield>
    <datafield tag="300" ind1="#" ind2="#">
      <subfield code="a">30 hal ;</subfield>
      <subfield code="c">21 cm</subfield>
    </datafield>
    <datafield tag="084" ind1="#" ind2="#">
      <subfield code="a">R P2/XI/007 2021</subfield>
    </datafield>
    <datafield tag="520" ind1="#" ind2="#">
      <subfield code="a">Coach :Gugum Gumelar</subfield>
    </datafield>
    <datafield tag="082" ind1="#" ind2="#">
      <subfield code="a">R P2/XI/007 2021</subfield>
    </datafield>
    <datafield tag="990" ind1="#" ind2="#">
      <subfield code="a">PP2.2021.00067</subfield>
    </datafield>
  </record>
</collection>
